00597 2200229 4500001002100000005001500021035002000036007000300056008004100059082000800100084001400108100001700122245004700139250001700186260004800203300003500251650001100286700002000297700002100317505001200338990001700350INLIS00000000001000220260513020626 a0010-0526000038ta260513 g 0 ind  a615 a615 AST b0 aAstri Fatmah1 aBuka Apotek Langsung Laris /cAstri Fatmah a1, Cet. Ke-1 aYogyakarta :bIndah Medika Indonesia,c2021 a, 109 hlm :bilus. ;c14x21 cm 4aApotek0 aAndy Eko Wibowo0 aJumaidil Khairad ahlm.109 a202500223306